20 arrondissements français aléatoires sur une carte - Statistiques

Statistiques générales
  • Ce quiz a été pris 442 fois
  • Le résultat moyen est 11 sur 20
Réponses sur la Carte
Les réponses sont colorées sur une échelle allant du rouge au vert en fonction du pourcentage des utilisateurs qui les ont devinées à leur premier essai. Vous pouvez retrouver ces pourcentages ci-dessous.
 
Statistiques - réponses
Arrondissements % Correct
Alençon
100%
Arcachon
100%
Arles
100%
Béziers
100%
Lorient
100%
Nice
100%
Quimper
100%
Saint-Étienne
100%
Strasbourg
100%
Tarbes
100%
Villefranche-sur-Saône
100%
Bastia
94%
Limoges
93%
Rennes
93%
Orléans
92%
Basse-Terre
91%
Cholet
91%
Grenoble
91%
Vannes
91%
Bayonne
90%
Bordeaux
90%
Calais
90%
Laval
90%
Ajaccio
89%
Caen
89%
La Rochelle
89%
Narbonne
89%
Saint-Nazaire
89%
Beauvais
88%
Meaux
88%
Montargis
88%
Saint-Denis
88%
Saint-Malo
88%
Angers
86%
Aurillac
86%
Lisieux
86%
Mulhouse
86%
Nancy
86%
Pau
86%
Amiens
85%
Belfort
85%
Dax
85%
Avignon
83%
Cayenne
83%
Château-Thierry
83%
Colmar
83%
Corte
83%
Dinan
83%
Clermont-Ferrand
82%
La Roche-sur-Yon
82%
Cherbourg-en-Cotentin
80%
Les Sables-d'Olonne
80%
Lille
80%
Nîmes
80%
Bayeux
78%
Brest
78%
Dijon
78%
Marseille
78%
Millau
78%
Troyes
78%
Argelès-Gazost
75%
Arras
75%
Bar-sur-Aube
75%
Bourges
75%
Châteauroux
75%
Chaumont
75%
Le Mans
75%
Lesparre-Médoc
75%
Melun
75%
Mont-de-Marsan
75%
Nantes
75%
Niort
75%
Perpignan
75%
Rodez
75%
Villefranche-de-Rouergue
74%
Toulon
73%
Agen
71%
Bourg-en-Bresse
71%
Briançon
71%
Chartres
71%
Mortagne-au-Perche
71%
Pontoise
71%
Prades
71%
Rambouillet
71%
Saint-Girons
71%
Saint-Lô
71%
Sarcelles
71%
Sarreguemines
71%
Besançon
70%
Carcassonne
70%
Castres
70%
Guingamp
70%
Le Havre
70%
Valenciennes
70%
Verdun
70%
Vienne
70%
Vierzon
70%
Boulogne-sur-Mer
69%
Charleville-Mézières
69%
Fort-de-France
69%
Haguenau
69%
Aix-en-Provence
67%
Carpentras
67%
Chambéry
67%
Dieppe
67%
Dunkerque
67%
Gap
67%
Istres
67%
Montauban
67%
Montpellier
67%
Pointe-à-Pitre
67%
Poitiers
67%
Saint-Pierre
67%
Sarlat-la-Canéda
67%
Tours
67%
Versailles
67%
Abbeville
64%
Angoulême
64%
Bar-le-Duc
64%
Douai
64%
Épinal
64%
Foix
64%
Saint-Germain-en-Laye
64%
Saint-Paul
64%
Torcy
64%
Annecy
63%
Cambrai
63%
Laon
63%
Lunéville
63%
Péronne
63%
Pontivy
63%
Saint-Quentin
63%
Florac Trois Rivières
62%
Le Puy-en-Velay
62%
Lyon
62%
Mâcon
62%
Riom
62%
Tournon-sur-Rhône
62%
Albi
60%
Alès
60%
Compiègne
60%
Morlaix
60%
Pamiers
60%
Rochefort
60%
Rouen
60%
Saint-Benoît
60%
Brignoles
58%
Calvi
58%
Coutances
58%
Évry-Courcouronnes
58%
Mayenne
58%
Valence
58%
Grasse
57%
Moulins
57%
Saint-Amand-Montrond
57%
Saint-Gaudens
57%
Auxerre
56%
Blaye
56%
Digne-les-Bains
56%
Forbach
56%
Mauriac
56%
Mende
56%
Nevers
56%
Palaiseau
56%
Autun
55%
Fontainebleau
55%
Senlis
55%
Thonon-les-Bains
55%
Tulle
54%
Argentan
50%
Auch
50%
Avallon
50%
Bergerac
50%
Castelsarrasin
50%
Clamecy
50%
Die
50%
Étampes
50%
Figeac
50%
Gourdon
50%
Langon
50%
Lannion
50%
Lens
50%
Mantes-la-Jolie
50%
Metz
50%
Nontron
50%
Parthenay
50%
Périgueux
50%
Redon
50%
Rethel
50%
Saint-Julien-en-Genevois
50%
Saint-Laurent-du-Maroni
50%
Toulouse
50%
Vendôme
50%
Clermont
47%
Mamers
47%
Bagnères-de-Bigorre
46%
Ambert
45%
Barcelonnette
45%
Chalon-sur-Saône
45%
Commercy
45%
Libourne
45%
Mirande
45%
Montluçon
45%
Muret
45%
Argenteuil
44%
Avranches
44%
Montreuil-sur-Mer
44%
Nyons
44%
Reims
44%
Saint-Jean-d'Angély
44%
Saint-Jean-de-Maurienne
44%
Saumur
44%
Vire Normandie
44%
Albertville
43%
Château-Chinon
43%
Épernay
43%
Montbard
43%
Montbéliard
43%
Rochechouart
43%
Sarrebourg
43%
Sedan
43%
Val de Briey
43%
Apt
42%
Châlons-en-Champagne
42%
La Flèche
42%
Aubusson
40%
Beaune
40%
Béthune
40%
Provins
40%
Saintes
40%
Sélestat
40%
Blois
38%
La Tour-du-Pin
38%
Le Vigan
38%
Limoux
38%
Lodève
38%
Montbrison
38%
Nérac
38%
Pithiviers
38%
Privas
38%
Toul
38%
Céret
36%
Château-Gontier-sur-Mayenne
36%
Oloron-Sainte-Marie
36%
Soissons
36%
Vichy
36%
Dole
35%
Bressuire
33%
Brioude
33%
Brive-la-Gaillarde
33%
Draguignan
33%
Évreux
33%
Fontenay-le-Comte
33%
Fougères
33%
Guéret
33%
Issoudun
33%
Jonzac
33%
La Châtre
33%
Les Andelys
33%
Montdidier
33%
Pontarlier
33%
Romorantin-Lanthenay
33%
Thann
33%
Vesoul
33%
Châteaubriant
31%
Louhans
31%
Avesnes-sur-Helpe
30%
Lure
30%
Neufchâteau
30%
Roanne
30%
Saint-Brieuc
30%
Cahors
29%
Gex
29%
La Trinité
29%
Nogent-le-Rotrou
29%
Nogent-sur-Seine
29%
Segré-en-Anjou Bleu
29%
Ussel
29%
Villeneuve-sur-Lot
29%
Saint-Pierre
28%
Charolles
27%
Yssingeaux
27%
Issoire
26%
Bernay
25%
Castellane
25%
Chinon
25%
Dreux
25%
Forcalquier
25%
Marmande
25%
Vervins
25%
Bonneville
22%
Altkirch
21%
Saverne
21%
Châteaulin
20%
Cosne-Cours-sur-Loire
20%
Largentière
20%
Loches
20%
Molsheim
20%
Saint-Claude
20%
Saint-Dizier
20%
Saint-Omer
20%
Sartène
20%
Thionville
20%
Le Blanc
18%
Lons-le-Saunier
18%
Nantua
18%
Vitry-le-François
18%
Châtellerault
17%
Saint-Dié-des-Vosges
17%
Condom
15%
Confolens
14%
Langres
14%
Sens
14%
Thiers
13%
Châteaudun
12%
Saint-Flour
10%
Cognac
9%
Belley
8%
Bellac
0%
Le Marin
0%
Montmorillon
0%
Saint-Georges
0%
Vouziers
0%
Aucun quiz correspondant
Distribution des résultats
% des personnes avec chaque résultat
Percentile par nombre de réponses
Votre historique - résultats
Vous n’avez pas pris ce quiz